000 00521nam a2200133 a 4500
008 120416s1972 ||||||||||||||||| || u
050 _aGB 1197.7 Nef
245 1 0 _aDeciphering of groundwater from aerial photographs
246 _aK. E. Nefedov
260 _aNew Delhi
_bAmerind Publishing
_c1972
300 _axii, 191p. : ill.
350 _a0.00
995 _D0.00
_FCBU-MAIN LIBRARY (Kitwe)
_H1
_I60.00
_M1
_UAVAILABLE
_WFeb 22, 2007
_ZMain Library Open Access Collection
999 _c39507
_d39507